| 000 | 00429nam a2200157Ia 4500 | ||
|---|---|---|---|
| 008 | 230917s9999||||xx |||||||||||||| ||und|| | ||
| 040 |
_e39103 _aMAIN |
||
| 041 | _aEnglish | ||
| 082 | _a658.4 K837M | ||
| 100 | _aKoontz, Harold | ||
| 245 | 0 | _aManagement: A system and contingency analysis of managerial functions | |
| 250 | _a6th ed. | ||
| 260 |
_aTokyo _bMcGraw-Hill Kogakusha _c1976 |
||
| 300 | _axiv, 824 p. | ||
| 942 | _cBK | ||
| 999 |
_c169627 _d169627 |
||